Irodalmi morzsák Fábry Zoltán "párttagsága"

Bibliographic Details
Main Author: Sándor, László (Author)
Format: Article
Language:Slovak
Hungarian
Subjects:

MARC

LEADER 00000nab a2200000 a 4500
001 vtls000920671
003 SK-MaSNL
005 20260318123736.0
008 040720e19920710xo 0 slo
035 |a KE29548 
040 |a KEVKJB  |b slo  |c KEVKJB  |e AACR2 
041 1 |h hun 
044 |a xo  |c SK 
080 |a 894.511(437.671)  |2 1981 
100 1 |a Sándor, László  |4 aut  |9 271549 
245 1 0 |a Irodalmi morzsák  |b Fábry Zoltán "párttagsága" 
590 |a Fábry, Zoltán 1898-1970  |b spisovateľ, publicista 
600 1 7 |a Fábry, Zoltán,  |d 1897-1970  |2 KEVKJB  |9 105120 
650 0 7 |a maďarská literatúra  |2 KEVKJB  |9 1193 
650 0 7 |a maďarskí spisovatelia   |2 KEVKJB  |9 55632 
650 0 7 |a osobnosti  |2 KEVKJB  |9 29820 
650 0 7 |a pôsobenie  |2 KEVKJB  |9 877655 
650 0 7 |a príbehy životné  |2 KEVKJB  |9 883257 
650 0 7 |a profily   |2 KEVKJB  |9 28648 
651 7 |a Štós (Slovensko)  |2 KEVKJB  |9 29674 
651 7 |a KS,  |2 KEVKJB  |9 880381 
655 7 |a periodikum  |2 snkbucl  |9 29553 
773 0 8 |t Vasárnap  |g Roč. 25  |g Roč. 28, č.9, 10.7.1992, s. 9 
852 |a ZVYKNI  |b KIS3GCP 
999 |c 2654449  |d 2656379